[Event "Open LTU Rapid"]
[Site "Vilnius LTU"]
[Date "2010.11.27"]
[Round "6"]
[White "Matlakov,M"]
[Black "Malisauskas,V"]
[Result "1/2-1/2"]
[WhiteElo "2619"]
[BlackElo "2483"]

1.d4 Nf6 2.c4 g6 3.Nc3 d5 4.cxd5 Nxd5 5.e4 Nxc3 6.bxc3 Bg7 7.Be3 O-O 8.Nf3 c5
9.Qd2 Qa5 10.Rc1 cxd4 11.cxd4 Qxd2+ 12.Kxd2 Rd8 13.d5 e6 14.Bc4 exd5 15.Bxd5 Be6
16.Bg5 Nc6 17.Bxd8 Rxd8 18.Rc5 Nb4 19.Ke2 Nxd5 20.exd5 Bxd5 21.Rhc1 Bc6 22.Rxc6 bxc6
23.Rxc6 Rb8 24.Rc2 Bf6 25.Nd2 Bd4 26.Ne4 f5 27.Nd6 Be5 28.Nc4 Bxh2 29.g3 f4
30.g4 f3+ 31.Kxf3 Rc8 32.Ke4 h5 33.gxh5 gxh5 34.f4 Bg3 35.Kf3 h4 36.Ne3  1/2-1/2

[Event "XXIII Belgrade Trophy"]
[Site "Obrenovac SRB"]
[Date "2010.11.28"]
[Round "5.70"]
[White "Ivanovic,L"]
[Black "Lakicevic,B"]
[Result "1/2-1/2"]
[WhiteElo "1858"]
[BlackElo "2027"]

1.d4 Nf6 2.c4 g6 3.Nc3 d5 4.cxd5 Nxd5 5.e4 Nxc3 6.bxc3 Bg7 7.Nf3 O-O 8.Be2 c5
9.Rb1 cxd4 10.cxd4 Nc6 11.Be3 Qa5+ 12.Bd2 Qxa2 13.Qc1 Nxd4 14.Nxd4 Bxd4 15.Bc4 Qa4
16.Bb5 Qa2 17.Bc4 Qa4 18.Bb5 Qa2 19.Bc4 Qa4 20.Bb5 Qa2  1/2-1/2

[Event "60th ch-GRE"]
[Site "Vrahati GRE"]
[Date "2010.11.28"]
[Round "3.1"]
[White "Nikolaidis,I"]
[Black "Banikas,H"]
[Result "1/2-1/2"]
[WhiteElo "2552"]
[BlackElo "2590"]

1.c4 g6 2.Nc3 Nf6 3.d4 d5 4.cxd5 Nxd5 5.e4 Nxc3 6.bxc3 Bg7 7.Bc4 c5 8.Ne2 Nc6
9.Be3 O-O 10.h4 Qa5 11.Kf1 b6 12.h5 Ba6 13.Bxa6 Qxa6 14.hxg6 hxg6 15.Kg1 Rfd8
16.Qd2 Qa4 17.Bh6 Bh8 18.Bf8 Bf6 19.Qh6 cxd4 20.f4 dxc3 21.e5 Nxe5 22.fxe5 Bxe5
23.Bxe7 Rd1+ 24.Rxd1 Qxd1+ 25.Kf2 Bd4+ 26.Nxd4 Qxd4+ 27.Kf3 Qd5+ 28.Kf2 Qd4+
29.Kg3 Qe5+ 30.Kf3 Qd5+ 31.Kg3 Qe5+ 32.Qf4 Qxe7 33.Qd4 Qg5+  1/2-1/2

[Event "ch-RSSU"]
[Site "Moscow RUS"]
[Date "2010.12.01"]
[Round "1"]
[White "Lagashin,P"]
[Black "Danin,A"]
[Result "0-1"]
[WhiteElo "2130"]
[BlackElo "2527"]

1.d4 Nf6 2.c4 g6 3.Nc3 d5 4.cxd5 Nxd5 5.e4 Nxc3 6.bxc3 Bg7 7.Bc4 c5 8.Ne2 Nc6
9.Be3 O-O 10.O-O Bd7 11.Qd2 Rc8 12.Rac1 Qa5 13.dxc5 Rfd8 14.Qb2 Ne5 15.Bd5 Nd3
16.Qb3 e6 17.Bxb7 Nxc1 18.Rxc1 Rc7 19.Nd4 Rb8 20.c6 Bxd4 21.cxd4 Bxc6 22.Qc4 Rbxb7
23.Bf4 Rc8 24.Be5 Qb5 25.Qc2 f6 26.Bxf6 Bd7  0-1

[Event "XXIII Belgrade Trophy"]
[Site "Obrenovac SRB"]
[Date "2010.12.01"]
[Round "8.51"]
[White "Brakus,D"]
[Black "Perez Garcia,Rob"]
[Result "1/2-1/2"]
[WhiteElo "1978"]
[BlackElo "2159"]

1.d4 Nf6 2.c4 g6 3.Nc3 d5 4.cxd5 Nxd5 5.e4 Nxc3 6.bxc3 Bg7 7.Be3 c5 8.Rb1 Qa5
9.Bb5+ Bd7 10.Bxd7+ Nxd7 11.Qd2 Nb6 12.Ne2 Nc4 13.Qd3 Nxe3 14.fxe3 b6 15.Qb5+ Qxb5
16.Rxb5 Rc8 17.Kd2 O-O 18.a4 e5 19.Kd3 f5 20.exf5 Rxf5 21.dxc5 bxc5 22.Rhb1 Rf2
23.Rb8 e4+ 24.Kxe4 Rcf8 25.Rxf8+ Bxf8 26.Nf4 Ra2 27.Rb8 Rxa4+ 28.Kd5 Kf7
29.Ne6 Be7 30.e4 Ra2 31.Nxc5 Rxg2 32.Rb7 Rxh2 33.Rxa7 h5 34.e5 Rd2+ 35.Ke4 h4
36.Ke3 Rd5 37.Nd3 Ke8 38.Ra8+ Rd8 39.Rxd8+  1/2-1/2

[Event "XXIII Belgrade Trophy"]
[Site "Obrenovac SRB"]
[Date "2010.12.01"]
[Round "8.18"]
[White "Abramovic,B"]
[Black "Ilic,Zo3"]
[Result "1/2-1/2"]
[WhiteElo "2461"]
[BlackElo "2261"]

1.d4 Nf6 2.c4 g6 3.Nc3 d5 4.cxd5 Nxd5 5.e4 Nxc3 6.bxc3 Bg7 7.Bb5+ Nc6 8.Ne2 O-O
9.O-O Na5 10.Be3 c6 11.Bd3 Be6 12.Qc1 Bc4 13.Bxc4 Nxc4 14.Bh6 e5 15.Bxg7 Kxg7
16.f4 f6 17.Rf3 Qe7 18.Qc2 Rad8 19.Rd1 c5 20.d5 b5 21.h4 Nd6 22.h5 g5 23.fxg5 fxg5
24.Rdf1 g4 25.Rxf8 Rxf8 26.Rxf8 Kxf8 27.Ng3 Qf6  1/2-1/2

[Event "WY U-16 Olympiad"]
[Site "Burdur TUR"]
[Date "2010.12.02"]
[Round "7"]
[White "Janzelj,T"]
[Black "Naoum,S"]
[Result "0-1"]
[WhiteElo "2025"]
[BlackElo "1990"]

1.d4 Nf6 2.c4 g6 3.Nc3 d5 4.cxd5 Nxd5 5.e4 Nxc3 6.bxc3 Bg7 7.Qa4+ Nd7 8.Nf3 O-O
9.Bg5 c5 10.Rc1 a6 11.Be2 b5 12.Qa3 Bb7 13.e5 h6 14.Be3 Rc8 15.O-O Qc7 16.h4 Rfd8
17.h5 Nf8 18.hxg6 Nxg6 19.Qb3 Qd7 20.Rfd1 Qf5 21.a4 c4 22.Qb4 Bc6 23.axb5 axb5
24.Ra1 h5 25.Ra6 Qd7 26.Ng5 f6 27.Qb1 Nf8 28.e6 Qb7 29.Bxh5 fxg5 30.Bf7+ Kh8
31.Qf5 Be4 32.Qh3+ Bh7 33.Ra2 Bf6 34.Kh2 Qe4 35.g3 Kg7 36.Rh1 Bf5 37.f3 Qxf3
38.Rf1 Bxh3  0-1

[Event "TCh-CZE 2010-11"]
[Site "Czech Rep CZE"]
[Date "2010.12.04"]
[Round "3.2"]
[White "Zilka,S"]
[Black "Petr,Ma"]
[Result "1/2-1/2"]
[WhiteElo "2479"]
[BlackElo "2462"]

1.d4 Nf6 2.c4 g6 3.Nc3 d5 4.cxd5 Nxd5 5.e4 Nxc3 6.bxc3 Bg7 7.Bc4 c5 8.Ne2 Nc6
9.Be3 O-O 10.O-O b6 11.Rc1 Bb7 12.d5 Ne5 13.Bb3 c4 14.Bc2 e6 15.dxe6 fxe6
16.Nd4 Qe7 17.f4 Nc6 18.e5 Nxd4 19.Bxd4 b5 20.Rb1 Bc6 21.Qg4 Rad8 22.h4 Be8
23.Qg5 Qxg5 24.hxg5 Bc6 25.Be3 a6 26.Rfd1 Rxd1+ 27.Rxd1 Bd5 28.g3 Rb8 29.Bc5 Kf7
30.Rd2 Bf8 31.Bxf8 Kxf8 32.a3 a5 33.Kf2 b4 34.cxb4 axb4 35.axb4 Rxb4 36.Ke3 Rb2
37.Kd4 Ra2 38.Rh2 Kg7 39.g4 Bf3 40.Kxc4 Bxg4 41.Kb3 Ra7 42.Bd3 Rf7 43.Kc3 Rxf4
44.Rh4 Ra4 45.Be2 Re4 46.Bxg4 Rxe5 47.Kd4 Rxg5 48.Bxe6 Kf6 49.Bc8 Rh5 50.Rf4+ Kg5
51.Ke5 Rh4 52.Rf1 h5 53.Be6 Ra4 54.Rg1+ Kh6 55.Bf7 Rg4 56.Ra1 Kg7 57.Ra7 Kh6
58.Be6 Rg1 59.Bd5 Kg5 60.Ra2 h4 61.Rh2 Rg3 62.Be6 Re3+ 63.Kd6 Kh5 64.Rh3 Rxh3
65.Bxh3 g5 66.Ke5 g4 67.Kf4 gxh3 68.Kf3 Kg5  1/2-1/2

[Event "TCh-HUN 2010-11"]
[Site "Budapest HUN"]
[Date "2010.12.05"]
[Round "4"]
[White "Zentai,P2"]
[Black "Flumbort,A"]
[Result "1/2-1/2"]
[WhiteElo "2311"]
[BlackElo "2550"]

1.d4 Nf6 2.c4 g6 3.Nc3 d5 4.cxd5 Nxd5 5.e4 Nxc3 6.bxc3 Bg7 7.Bg5 c5 8.Rc1 O-O
9.Nf3 h6 10.Be3 cxd4 11.cxd4 Qa5+ 12.Qd2 Qxd2+ 13.Kxd2 Rd8 14.Ke1 Nc6 15.d5 Nb4
16.Bd2 Na6 17.Bxa6 bxa6 18.Ba5 Rd7 19.Bc3 f6 20.Ke2 e6 21.dxe6 Rd6 22.Rhd1 Rxd1
23.Rxd1 Bxe6 24.Rd6 Kf7 25.a4 Bf8 26.Rc6 Rc8 27.Rxc8 Bxc8 28.e5 f5 29.Nd4 Bd7
30.a5 Bc5 31.f4 Ba4  1/2-1/2

[Event "TCh-CZE 2010-11"]
[Site "Czech Rep CZE"]
[Date "2010.12.05"]
[Round "4.5"]
[White "Stocek,J"]
[Black "Langner,L1"]
[Result "1-0"]
[WhiteElo "2567"]
[BlackElo "2369"]

1.d4 Nf6 2.c4 g6 3.Nc3 d5 4.cxd5 Nxd5 5.e4 Nxc3 6.bxc3 Bg7 7.Bb5+ Bd7 8.Be2 c5
9.Nf3 cxd4 10.cxd4 Bc6 11.Qd3 Nd7 12.Rb1 f5 13.exf5 Qa5+ 14.Bd2 Qxf5 15.Qxf5 gxf5
16.Ng5 O-O-O 17.O-O Bxd4 18.Ne6 Nc5 19.Nxd4 Rxd4 20.Be3 e5 21.Bxd4 exd4 22.Rfd1 Rd8
23.Rbc1 Ne4 24.Bd3 Rd5 25.Bc4 Rd6 26.f3 Nc3 27.Rd2 Kd7 28.Re1 b5 29.Bd3 Rd5
30.g4 fxg4 31.fxg4 h5 32.Be4 Nxe4 33.Rxe4 d3 34.Re3 hxg4 35.Rexd3 Rxd3 36.Rxd3+ Kc7
37.Kf2 a5 38.Kg3 Bd7 39.Kf4 Be6 40.Rd2 Kc6 41.Ke5 Bc4 42.Kd4 Be6 43.Rc2+ Kd6
44.Rc5 Bxa2 45.Rxb5 a4 46.Rb4 Bb3 47.Kc3 Be6 48.Rxa4 Ke5 49.Kd3 Bd7 50.Ra7 Be6
51.Ke3 Bb3 52.Ra5+ Bd5 53.Rb5 Kd6 54.Kd4 Bf3 55.Rb6+ Bc6 56.Ra6 Kd7 57.Ke5 Kc7
58.Ra7+ Bb7 59.Kf4 Kb6 60.Rxb7+  1-0

[Event "31st Crespi Memorial"]
[Site "Milan ITA"]
[Date "2010.12.07"]
[Round "4"]
[White "Pechy,A"]
[Black "Tesic,D"]
[Result "0-1"]
[WhiteElo "2187"]
[BlackElo "2403"]

1.d4 Nf6 2.c4 g6 3.Nc3 d5 4.cxd5 Nxd5 5.e4 Nxc3 6.bxc3 Bg7 7.Bc4 c5 8.Be3 Nc6
9.Ne2 O-O 10.Rc1 cxd4 11.cxd4 Qa5+ 12.Kf1 Bg4 13.f3 Bd7 14.h4 Rfc8 15.h5 Nd8
16.hxg6 hxg6 17.Qd3 a6 18.Bd2 Qa4 19.Kf2 Nc6 20.e5 Bf5 21.Qb3 Qxb3 22.Bxb3 Rd8
23.Bc3 Bd3 24.Rhd1 Bxe2 25.Kxe2 e6 26.f4 Ne7 27.g4 Nd5 28.Ba5 Rd7 29.Bxd5 Rxd5
30.Rc5 Rxc5 31.dxc5 Bf8 32.Bb6 Rc8 33.Rc1 g5 34.Kf3 gxf4 35.Kxf4 Be7 36.Ke4 Kf8
37.Rh1 Ke8 38.Rd1 Rc6 39.Rc1 Bd8 40.Rb1 Bxb6 41.Rxb6 Rxc5 42.Rxb7 Rc4+ 43.Kf3 Ra4
44.Rb8+ Ke7 45.a3 Rxa3+ 46.Kf4 a5 47.Ra8 a4 48.Kg5 Re3 49.Kf4 Ra3 50.Kg5 Ra1
51.Ra7+ Ke8 52.Ra8+  0-1

[Event "2nd Pilsen Open"]
[Site "Plzen CZE"]
[Date "2010.12.07"]
[Round "5"]
[White "Cecil,P"]
[Black "Gschwendtner,S"]
[Result "1/2-1/2"]
[WhiteElo "1979"]
[BlackElo "2054"]

1.d4 Nf6 2.c4 g6 3.Nc3 d5 4.cxd5 Nxd5 5.e4 Nxc3 6.bxc3 Bg7 7.Be3 c5 8.Qd2 Qa5
9.Rb1 Nd7 10.Nf3 O-O 11.Bd3 Nf6 12.Rb5 Qa3 13.Rxc5 Ng4 14.O-O Nxe3 15.fxe3 b6  1/2-1/2

[Event "FSFMA November"]
[Site "Budapest HUN"]
[Date "2010.12.08"]
[Round "5"]
[White "Koczo,K"]
[Black "Darazs,Z"]
[Result "1-0"]
[WhiteElo "2187"]
[BlackElo "2183"]

1.d4 Nf6 2.c4 g6 3.Nc3 d5 4.cxd5 Nxd5 5.e4 Nxc3 6.bxc3 Bg7 7.Be3 c5 8.Rc1 Qa5
9.Qd2 O-O 10.Bc4 cxd4 11.cxd4 Qxd2+ 12.Kxd2 Rd8 13.Ne2 Nc6 14.Bd5 Nxd4 15.Bxd4 Bxd4
16.Nxd4 e6 17.Bxb7 Bxb7 18.Ke3 Rd7 19.Rhd1 Rad8 20.Rd2 Kf8 21.Rcd1 Ke7 22.g3 e5
23.Nf3 f6 24.Rxd7+ Rxd7 25.Rxd7+ Kxd7 26.Nd2 Ba6 27.f4 exf4+ 28.gxf4 Ke6
29.Kd4 g5 30.Nb3 Bc8 31.Nc5+ Kf7 32.fxg5 fxg5 33.Ke5 h5 34.Kd6 g4 35.e5 h4
36.e6+ Bxe6 37.Nxe6 Kf6 38.Nd4 g3 39.h3  1-0

[Event "31st Crespi Memorial"]
[Site "Milan ITA"]
[Date "2010.12.08"]
[Round "6"]
[White "Salami,M"]
[Black "Tesic,D"]
[Result "0-1"]
[WhiteElo "2203"]
[BlackElo "2403"]

1.d4 Nf6 2.c4 g6 3.Nc3 d5 4.cxd5 Nxd5 5.e4 Nxc3 6.bxc3 Bg7 7.Bc4 c5 8.Ne2 Nc6
9.Be3 O-O 10.O-O Bd7 11.Rc1 Rc8 12.Qd2 Qa5 13.Qb2 Qd8 14.Qd2 Qa5 15.Qb2 Qc7
16.Bd5 e6 17.Bc4 Na5 18.Bd3 Rfd8 19.Bg5 Re8 20.Qd2 e5 21.d5 b5 22.c4 b4 23.Rb1 Nb7
24.Nc1 a5 25.Bc2 Nd6 26.Qe2 f5 27.f3 a4 28.Bd3 Rb8 29.Be3 Qa5 30.Qd2 Qc7
31.Qf2 fxe4 32.fxe4 Rf8 33.Qh4 Rxf1+ 34.Kxf1 Bc8 35.Qe1 Ba6 36.Qe2 Rc8 37.Kg1 Bf8
38.Qc2 Qd7 39.Ne2 Be7 40.Ng3 Kg7 41.Nf1 Nf7 42.Qf2 Qd6 43.Qc2 a3 44.Qf2 Bg5
45.Bxg5 Nxg5 46.Qg3 Qf6 47.h4 Nf7 48.Qf2 Qe7 49.Nd2 Qf6 50.Rf1 Qxf2+ 51.Kxf2 Nd6
52.Rc1 Kf6 53.Ke3 Ke7 54.Be2 Rf8 55.g3 Bc8 56.Nb3 Nb7 57.Rf1 Rxf1 58.Bxf1 Bd7
59.Kd2 Ba4 60.Kc1 Bxb3 61.axb3 Nd6 62.Bd3 g5 63.hxg5 Kf7 64.Be2 Nxe4 65.Bh5+ Ke7
66.g6 hxg6 67.Bxg6 Nxg3 68.Bb1 Ne2+  0-1

[Event "London Chess Classic FIDE Open Busy"]
[Site "London ENG"]
[Date "2010.12.12"]
[Round "4"]
[White "Kamarunsalehin,A"]
[Black "Grassie,D"]
[Result "1/2-1/2"]
[WhiteElo "1825"]
[BlackElo "2096"]

1.d4 Nf6 2.c4 g6 3.Nc3 d5 4.cxd5 Nxd5 5.e4 Nxc3 6.bxc3 Bg7 7.Be3 c5 8.Rc1 Qa5
9.Qd2 O-O 10.Nf3 Nc6 11.d5 Rd8 12.Bd3 e6 13.dxc6 c4 14.Qb2 cxd3 15.cxb7 Rb8
16.bxc8=Q Rdxc8 17.Qa1 Bxc3+ 18.Rxc3 Qxc3+ 19.Qxc3 Rxc3 20.Bxa7 Rb4 21.O-O Rxe4
22.Bd4 Rc4 23.Bf6 Rc2 24.Rb1 Rb4 25.Rd1 Rxa2 26.h3 Rb3 27.Ne5 d2 28.Ng4 Rd3
29.Kf1 h5 30.Ne5 Rd5 31.Ke2 Ra4 32.Nf3 Re4+ 33.Kf1  1/2-1/2

[Event "48th ch-IND"]
[Site "New Delhi IND"]
[Date "2010.12.12"]
[Round "4"]
[White "Sundararajan,K"]
[Black "Gopal,G"]
[Result "1/2-1/2"]
[WhiteElo "2449"]
[BlackElo "2609"]

1.d4 Nf6 2.c4 g6 3.Nc3 d5 4.cxd5 Nxd5 5.e4 Nxc3 6.bxc3 Bg7 7.Nf3 c5 8.Be3 Bg4
9.Rc1 Bxf3 10.gxf3 cxd4 11.cxd4 O-O 12.Qd2 e6 13.Bg2 Nc6 14.d5 exd5 15.exd5 Ne7
16.f4 Nf5 17.O-O Re8 18.Rfd1 Nd6 19.a4 Qd7 20.Qb4 a5 21.Qb6 Bf8 22.Qb3 b5
23.axb5 a4 24.Qd3 Nxb5 25.d6 Rac8 26.Rc5 Nxd6 27.Rd5 Qc7 28.Bd4 Qc4 29.Qh3 Qb3
30.Be5 Nc4 31.R5d3 Qb5 32.Bd5 Nxe5 33.fxe5 Rc7 34.e6 Kg7 35.exf7 Re5 36.Qg3 Rce7
37.Qf4  1/2-1/2

[Event "London Chess Classic Women"]
[Site "London ENG"]
[Date "2010.12.13"]
[Round "7"]
[White "Messam Sparks,L"]
[Black "Hoare,Amy"]
[Result "0-1"]
[WhiteElo "1917"]
[BlackElo "1921"]

1.d4 Nf6 2.c4 g6 3.Nc3 d5 4.cxd5 Nxd5 5.e4 Nxc3 6.bxc3 Bg7 7.Bc4 c5 8.Ne2 O-O
9.O-O Nc6 10.Be3 cxd4 11.cxd4 Bd7 12.Rb1 Na5 13.Bd3 b6 14.Qd2 Bc6 15.Bh6 Rc8
16.Bxg7 Kxg7 17.f4 Bb7 18.f5 Nc4 19.Qf4 f6 20.Rb4 Ne5 21.dxe5 Qxd3 22.Nd4 g5
23.Ne6+ Kg8 24.Qg4 Qe3+ 25.Kh1 Rf7 26.Rd4 Ba6 27.Rfd1 Be2 28.Rd8+ Rf8 29.Rxf8+ Rxf8
30.Re1 Bxg4 31.Rxe3 Rc8 32.h3 Bh5 33.exf6 exf6 34.Ra3 a5 35.Rb3 Rb8 36.Rb2 Bf7
37.Nc5 Be8 38.Kg1 Kf7 39.Ne6 Bd7 40.Nd4 b5 41.Kf2 b4 42.Rc2 Ke7 43.Nc6+ Bxc6
44.Rxc6 a4 45.Rc2 b3 46.axb3 axb3 47.Rb2 Kd6 48.Ke3 Kc5 49.e5 fxe5 50.f6 Kd6
51.Ke4 Ke6 52.f7 Rb4+ 53.Kd3 Kxf7 54.Kc3 Rb7 55.Rf2+ Ke6 56.Rb2 Kd5 57.Rd2+ Kc5
58.Rb2 e4 59.g3 Rb4 60.g4 Rc4+ 61.Kd2 Kb4 62.Rb1 Rc2+ 63.Ke3 Rc4 64.Kd2 Rc3  0-1

[Event "17th Open A"]
[Site "Zadar CRO"]
[Date "2010.12.13"]
[Round "2"]
[White "Kozul,Z"]
[Black "Fercec,N"]
[Result "1-0"]
[WhiteElo "2595"]
[BlackElo "2491"]

1.d4 Nf6 2.c4 g6 3.Nc3 d5 4.cxd5 Nxd5 5.e4 Nxc3 6.bxc3 Bg7 7.Nf3 c5 8.Be3 O-O
9.Qd2 Qa5 10.Rb1 Nd7 11.Bd3 b6 12.O-O Ba6 13.Bxa6 Qxa6 14.dxc5 Nxc5 15.Bxc5 bxc5
16.e5 Rfd8 17.Qc2 Qd3 18.Qxd3 Rxd3 19.Rfc1 c4 20.Kf1 g5 21.h3 h5 22.Rb5 g4
23.hxg4 hxg4 24.Nd4 Rc8 25.Nf5 Rc7 26.Ke2 e6 27.Rb8+ Kh7 28.Rh1+ Kg6 29.Nxg7 Kxg7
30.Rh4 Kg6 31.Rxg4+ Kf5 32.Rxc4 Rxc3 33.g4+ Kxe5 34.Rb5+ Kf6 35.Rxc3 Rxc3
36.Ra5 Rc7 37.Kf3 e5 38.Kg3 Rc3+ 39.Kg2 Rc7 40.f3 Rc2+ 41.Kg3 Rc3 42.Kf2 Rc7
43.Ke3 Ke6 44.Ra6+ Kd5 45.g5 Rc3+ 46.Kf2 Rc7 47.Kg3 Re7 48.Kg4 e4 49.fxe4+ Kxe4
50.a4 Kd5 51.a5 Kc5 52.Rf6 Kb5 53.a6 Re1 54.Rxf7 Kxa6 55.g6 Rg1+ 56.Kf5 Rf1+
57.Kg5 Rg1+ 58.Kf6 Rf1+ 59.Kg7 Rc1 60.Rf5 Kb6 61.Kh6 Rh1+ 62.Rh5 Rc1 63.g7  1-0

[Event "Bansko Grand Chess Open"]
[Site "Bansko BUL"]
[Date "2010.12.14"]
[Round "2.1"]
[White "Cheparinov,I"]
[Black "Aggelis,N"]
[Result "1-0"]
[WhiteElo "2668"]
[BlackElo "2337"]

1.d4 Nf6 2.c4 g6 3.Nc3 d5 4.cxd5 Nxd5 5.e4 Nxc3 6.bxc3 Bg7 7.Bc4 O-O 8.Ne2 c5
9.O-O Nc6 10.Be3 Qc7 11.Rc1 Rd8 12.Qd2 Qa5 13.Rfd1 b6 14.Bd5 Bb7 15.Bh6 e6
16.Bxg7 Kxg7 17.Bxc6 Bxc6 18.Qf4 Ba4 19.Rd3 cxd4 20.Rf3 Rd7 21.cxd4 e5 22.Qf6+ Kg8
23.Rfc3 Re8 24.Rc8 Rb7 25.h4 Qb4 26.Rxe8+ Bxe8 27.Rc8 Qe7 28.dxe5 Rc7 29.Nf4 Qd7
30.Rd8  1-0

[Event "Bansko Grand Chess Open"]
[Site "Bansko BUL"]
[Date "2010.12.15"]
[Round "4.27"]
[White "Kolev,At2"]
[Black "Sotirov,N"]
[Result "1/2-1/2"]
[WhiteElo "2049"]
[BlackElo "2109"]

1.d4 Nf6 2.c4 g6 3.Nc3 d5 4.cxd5 Nxd5 5.e4 Nxc3 6.bxc3 Bg7 7.Nf3 c5 8.Rb1 Nc6
9.d5 Bxc3+ 10.Bd2 Bxd2+ 11.Qxd2 Nd4 12.Nxd4 cxd4 13.Qxd4 Qa5+ 14.Qd2 Qxd2+
15.Kxd2 O-O 16.Ke3 Rb8 17.Bb5 Rd8 18.Rhd1 Bd7 19.f4 Rbc8 20.Bxd7 Rxd7 21.Rdc1 Rxc1
22.Rxc1 f5 23.Kd4 fxe4 24.Kxe4 Kf7 25.Ke5 Rd6 26.Rc7 Rb6 27.g4 Rb2 28.h4 Ke8
29.a4 Kd8 30.Rc4 Re2+ 31.Re4 Rh2 32.f5 gxf5 33.gxf5 Kd7 34.f6 exf6+ 35.Kxf6 Kd6
36.Kg7 h5 37.Kh6 Kxd5 38.Rf4 a6 39.Kxh5 b5  1/2-1/2

[Event "29th European Blitz"]
[Site "Warsaw POL"]
[Date "2010.12.17"]
[Round "6"]
[White "Moranda,W"]
[Black "Edouard,R"]
[Result "1-0"]
[WhiteElo "2578"]
[BlackElo "2636"]

1.d4 Nf6 2.c4 g6 3.Nc3 d5 4.cxd5 Nxd5 5.e4 Nxc3 6.bxc3 Bg7 7.Bc4 c5 8.Ne2 Nc6
9.Be3 cxd4 10.cxd4 Qa5+ 11.Bd2 Qh5 12.d5 Ne5 13.Bb5+ Bd7 14.Bxd7+ Nxd7 15.Rb1 O-O
16.O-O b6 17.Bb4 Qe5 18.Bc3 Qxe4 19.Rb4 Qf5 20.Ng3 Bxc3 21.Nxf5 Bxb4 22.Qa4 gxf5
23.Qxd7 Bd6 24.Qxf5 Rac8 25.g3 Rc5 26.Re1 Rc4 27.Qd7 a5 28.Kg2 a4 29.Rb1 Rc2
30.Qxa4 Rfc8 31.Rb2 Rxb2 32.Qg4+ Kf8 33.Qxc8+ Kg7 34.Qg4+ Kf8 35.Qd4 Rxf2+
36.Qxf2  1-0

[Event "Bansko Grand Chess Open"]
[Site "Bansko BUL"]
[Date "2010.12.18"]
[Round "8.8"]
[White "Strelnikov,S"]
[Black "Arnaudov,G"]
[Result "0-1"]
[WhiteElo "2419"]
[BlackElo "2468"]

1.d4 Nf6 2.c4 g6 3.Nc3 d5 4.cxd5 Nxd5 5.e4 Nxc3 6.bxc3 Bg7 7.Bc4 c5 8.Ne2 O-O
9.O-O Nc6 10.Be3 Qc7 11.Rc1 e6 12.Bf4 Qe7 13.Qd2 Rd8 14.Bg5 Bf6 15.Bxf6 Qxf6
16.Rfd1 b6 17.Qe3 Bb7 18.e5 Qh4 19.g3 Qe7 20.Bb3 Qc7 21.f3 Ne7 22.g4 cxd4
23.cxd4 Qd7 24.Kf2 Bd5 25.Ng3 Bxb3 26.axb3 Nd5 27.Qh6 f6 28.Ne4 Rf8 29.h4 f5
30.gxf5 Rxf5 31.Ng5 Nf4 32.Rc4 Raf8 33.Kf1 Nh3 34.Ne4 Rxf3+ 35.Ke2 Qd5 36.Nf6+ R8xf6
37.exf6 Rf2+  0-1

[Event "63rd ch-RUS"]
[Site "Moscow RUS"]
[Date "2010.12.18"]
[Round "7"]
[White "Potkin,V"]
[Black "Svidler,P"]
[Result "1/2-1/2"]
[WhiteElo "2646"]
[BlackElo "2722"]

1.d4 Nf6 2.c4 g6 3.Nc3 d5 4.cxd5 Nxd5 5.e4 Nxc3 6.bxc3 Bg7 7.Be3 c5 8.Rc1 Qa5
9.Qd2 O-O 10.Nf3 Rd8 11.d5 e6 12.Bg5 f6 13.Be3 Nc6 14.Bd3 exd5 15.exd5 c4
16.Bxc4 Be6 17.Rd1 Ne7 18.dxe6 Rxd2 19.Rxd2 Qxc3 20.Bb3 Qc1+ 21.Rd1 Qc3+
22.Ke2 a5 23.Rd7 a4 24.Rc1 Qb2+ 25.Rc2 Qb1 26.Nd2 axb3 27.Nxb1 bxc2 28.Nc3 Nf5
29.Bd2 Re8 30.Kd3 b6 31.g4 Nh6 32.h3 Rxe6 33.Kxc2 f5 34.g5 Nf7 35.Nd5 Ne5
36.Rb7 Nf3 37.Be3 Rd6 38.Nxb6 f4 39.Rb8+ Kf7 40.Rb7+ Kg8 41.Rb8+ Kf7 42.Rb7+  1/2-1/2

[Event "7th UTD GM"]
[Site "Richardson USA"]
[Date "2010.12.18"]
[Round "5"]
[White "Sadorra,J"]
[Black "Wang Puchen"]
[Result "0-1"]
[WhiteElo "2473"]
[BlackElo "2468"]

1.d4 Nf6 2.c4 g6 3.Nc3 d5 4.cxd5 Nxd5 5.e4 Nxc3 6.bxc3 Bg7 7.Nf3 O-O 8.Be3 c5
9.Qd2 cxd4 10.cxd4 Bg4 11.Be2 Nc6 12.Rd1 Rc8 13.O-O Qa5 14.h3 Bd7 15.Qb2 Rfd8
16.Bc4 Qb4 17.Qe2 Nxd4 18.Bxf7+ Kxf7 19.Nxd4 Kg8 20.Qf3 Ba4 21.Rb1 Qc4 22.Nb3 b6
23.Qg4 Qf7 24.f4 Rc3 25.Bf2 Rc2 26.Rbd1 Rxd1 27.Rxd1 h5 28.Rd8+ Kh7 29.Qh4 Bxb3
30.axb3 Bf6 31.Qg3 Rc3 32.Be3 Qxb3 33.f5 g5 34.Qf3 g4 35.hxg4 Rxe3 36.Qf1 Rxe4
37.g5 Qe3+  0-1

[Event "European Rapid Championship"]
[Site "Warsaw POL"]
[Date "2010.12.18"]
[Round "3"]
[White "Krasenkow,M"]
[Black "Lavendelis,E"]
[Result "1-0"]
[WhiteElo "2621"]
[BlackElo "2321"]

1.d4 Nf6 2.c4 g6 3.Nc3 d5 4.cxd5 Nxd5 5.e4 Nxc3 6.bxc3 Bg7 7.Bg5 O-O 8.Rc1 c5
9.d5 f5 10.Bc4 Kh8 11.Qe2 b5 12.Bxb5 fxe4 13.Qxe4 Rf5 14.Nf3 Qa5 15.Qd3 Bb7
16.Bc4 e6 17.g4 Rf8 18.Be7 Re8 19.d6 Nc6 20.Bg5 Ne5 21.Nxe5 Bxh1 22.d7 Bxe5
23.dxe8=Q+ Rxe8 24.Qd7 Rf8 25.Qxe6 Bxc3+ 26.Kf1 Bd4 27.Be3 Qd8 28.Rd1 Qb8
29.Kg1 Bxe3 30.Qxe3 Bf3 31.Qc3+  1-0

[Event "European Rapid Championship"]
[Site "Warsaw POL"]
[Date "2010.12.18"]
[Round "7"]
[White "Vovk,Y"]
[Black "Sakalauskas,V"]
[Result "1-0"]
[WhiteElo "2539"]
[BlackElo "2405"]

1.d4 Nf6 2.c4 g6 3.Nc3 d5 4.cxd5 Nxd5 5.e4 Nxc3 6.bxc3 Bg7 7.Bg5 c5 8.Rc1 cxd4
9.cxd4 O-O 10.Nf3 Bg4 11.d5 h6 12.Bd2 e6 13.Bc4 exd5 14.Bxd5 Nc6 15.h3 Bd7
16.O-O Rc8 17.Bf4 g5 18.Bg3 g4 19.hxg4 Bxg4 20.Qb3 Bxf3 21.Qxf3 Nd4 22.Qh5 Qd7
23.Kh2 Kh7 24.Rxc8 Qxc8 25.Bxf7 Qd7 26.Bd5 Nf5 27.Qg4 Rd8 28.exf5 Qxd5 29.Qg6+ Kh8
30.f6 Bf8 31.f7 Bg7 32.Re1 Rf8 33.Re8  1-0

[Event "European Rapid Championship"]
[Site "Warsaw POL"]
[Date "2010.12.19"]
[Round "9"]
[White "Bernasek,J"]
[Black "Drozdowski,K"]
[Result "1/2-1/2"]
[WhiteElo "2490"]
[BlackElo "2303"]

1.d4 Nf6 2.c4 g6 3.Nc3 d5 4.cxd5 Nxd5 5.e4 Nxc3 6.bxc3 Bg7 7.Nf3 O-O 8.Be2 c5
9.Rb1 cxd4 10.cxd4 Qa5+ 11.Bd2 Qxa2 12.O-O a5 13.Bg5 Qe6 14.Re1 Nd7 15.Bb5 Nb6
16.Bh4 a4 17.Bg3 a3 18.h3 a2 19.Ra1 Nd7 20.Qd3 Qb6 21.Qc4 Ra5 22.Bxd7 Bxd7
23.Rxa2 Rc8 24.Qe2 Rxa2 25.Qxa2 Bxd4 26.Rb1 Qc5 27.Qd2 e5 28.Rxb7 Be6 29.Kh2 Re8
30.Qg5 Bxf2 31.Bxf2 Qxf2 32.Nxe5 Rf8 33.Nf3 Qe2 34.Qe5 Qa6 35.Re7 h6 36.Qf6 Qd6+
37.e5 Qd3 38.Nh4 g5 39.Nf3 Qf5 40.Qxh6 Qf4+ 41.Kg1 Qe3+ 42.Kh2 Qf4+ 43.Kh1 Qc1+
44.Ng1 Qf4 45.Nf3 Qc1+ 46.Ng1 Qf4 47.Rxe6 fxe6 48.Qxe6+ Kg7 49.Qd5 Rf5 50.Qd7+ Rf7
51.Qd6 Rf5 52.Qc7+ Rf7 53.Qc3 Re7 54.Nf3 g4 55.hxg4 Qxg4 56.Qc5 Rf7 57.Qc6 Qh5+
58.Kg1 Qf5 59.Qd6 Rd7 60.Qb4 Rf7 61.Qd4 Rd7 62.Qb4 Rf7 63.Qh4 Qg6 64.Ng5 Rf5
65.Nh3 Rxe5 66.Qd4 Qf6 67.Qd7+ Re7 68.Qg4+ Qg6 69.Qd4+ Qf6 70.Qg4+  1/2-1/2

[Event "Tancat Magistral"]
[Site "Sabadell ESP"]
[Date "2010.12.21"]
[Round "8"]
[White "Peralta,Fe"]
[Black "Jerez Perez,A"]
[Result "1/2-1/2"]
[WhiteElo "2595"]
[BlackElo "2418"]

1.d4 Nf6 2.c4 g6 3.Nc3 d5 4.cxd5 Nxd5 5.e4 Nxc3 6.bxc3 Bg7 7.Bc4 c5 8.Ne2 O-O
9.O-O Nc6 10.Be3 Na5 11.Bd3 b6 12.Qd2 e5 13.Bg5 Qd7 14.Rad1 Bb7 15.Bh6 Rfe8
16.Bxg7 Kxg7 17.dxe5 c4 18.Bc2 Qxd2 19.Rxd2 Rxe5 20.f4 Re7 21.e5 Rf8 22.Rd6 f6
23.f5 Rxe5 24.Nf4 Rfe8 25.fxg6 hxg6 26.Bxg6 R8e7 27.h4 Bc8 28.Rf3 Re3 29.Bc2 Rxf3
30.gxf3 Re5 31.Kf2 Kf7 32.Be4 Bf5 33.Bxf5 Rxf5 34.Kg3 Ke7 35.Re6+ Kf7 36.Rd6 Ke7
37.Rd4 Rc5 38.h5 Nc6 39.Rd5 Rxd5 40.Nxd5+ Kf7 41.Kf4 b5 42.Ke4 a5 43.a3 Kg7
44.f4 Kh6 45.Nxf6 b4 46.cxb4 axb4 47.axb4 Nxb4 48.Kd4 Nd3 49.f5 Kg5 50.Ng4 Kxf5
51.Kxc4 Kxg4 52.Kxd3  1/2-1/2

[Event "Azerbaijanian Solidarity Day"]
[Site "Baku AZE"]
[Date "2010.12.24"]
[Round "4.4"]
[White "Abbasov,F"]
[Black "Rasulov,Vu"]
[Result "1/2-1/2"]
[WhiteElo "2538"]
[BlackElo "2483"]

1.d4 Nf6 2.c4 g6 3.Nc3 d5 4.cxd5 Nxd5 5.e4 Nxc3 6.bxc3 Bg7 7.Bc4 O-O 8.Ne2 Nd7
9.O-O Nb6 10.Bb3 Nd7 11.Bc4 Nb6 12.Bb3 Nd7 13.Bc4  1/2-1/2

[Event "Czech Chess Christmas 2010-11"]
[Site "Litomysl CZE"]
[Date "2010.12.26"]
[Round "1.14"]
[White "Spacek,O"]
[Black "Novotny,M1"]
[Result "1/2-1/2"]
[WhiteElo "1880"]
[BlackElo "2255"]

1.d4 Nf6 2.c4 g6 3.Nc3 d5 4.cxd5 Nxd5 5.e4 Nxc3 6.bxc3 Bg7 7.Bc4 O-O 8.Ne2 Nc6
9.Be3 b6 10.O-O Bb7 11.Rc1 Qc8 12.f4 Na5 13.Bd3 e6 14.f5 exf5 15.exf5 Re8
16.Qd2 Be4 17.Ng3 Bxd3 18.Qxd3 Qd7 19.Bg5 Qd5 20.Rce1 Rxe1 21.Rxe1 c5 22.Ne4 Kh8
23.fxg6 fxg6 24.Bf6 Re8 25.Qf3 Qf5 26.Bxg7+ Kxg7 27.dxc5 Qxf3 28.gxf3 bxc5
29.Kf2 Re5 30.Rd1 Rf5 31.Rd7+ Kh6 32.Rxa7 Nc6 33.Rc7 Ne5 34.Nd2 Rh5 35.Ke3 Rxh2
36.Rxc5 Nd7 37.Rb5 Rh1 38.a4 Re1+ 39.Kd4 Rd1 40.Kd3 g5 41.a5 Kg6 42.Ke2 Ra1
43.Ne4  1/2-1/2

[Event "Rilton Cup 2010-11"]
[Site "Stockholm SWE"]
[Date "2010.12.27"]
[Round "1"]
[White "Lokander,M"]
[Black "Winge,S"]
[Result "1-0"]
[WhiteElo "1982"]
[BlackElo "2290"]

1.d4 Nf6 2.c4 g6 3.Nc3 d5 4.cxd5 Nxd5 5.e4 Nxc3 6.bxc3 Bg7 7.Nf3 O-O 8.Be2 b6
9.O-O Bb7 10.Qc2 c5 11.d5 Qc7 12.Bg5 e5 13.c4 h6 14.Bd2 Nd7 15.Bc3 Rae8 16.Rad1 Qd8
17.Ne1 f5 18.exf5 gxf5 19.g3 b5 20.cxb5 Nb6 21.Ba5 Qd6 22.Bxb6 axb6 23.Ng2 e4
24.Nf4 Be5 25.Bh5 Rc8 26.Ng6 Rf6 27.Nxe5 Qxe5 28.f4 Qd6 29.Be2 c4 30.Qc3 Rf7
31.Qd4 c3 32.Rc1 Qxd5 33.Rfd1 Qxa2 34.Bh5 e3 35.Bxf7+ Qxf7 36.Rxc3 Rxc3 37.Qxc3 e2
38.Rd8+ Kh7 39.Qh8+ Kg6 40.Rd6+ Kh5 41.Qxh6+ Kg4 42.Kf2 e1=Q+ 43.Kxe1 Qc4
44.Qg7+ Kh3 45.Rh6+  1-0